| 000 | 00595nam a2200181Ia 4500 | ||
|---|---|---|---|
| 003 | GCL | ||
| 008 | 140319s9999 xx 000 0 ara d | ||
| 040 |
_aGCL / _cGCL |
||
| 082 | 0 | 4 |
_a413.43 _bام |
| 100 | 1 | _aالياس انطوان الياس | |
| 245 | 1 | 0 |
_aالمعجم العصرى عربى- فرنسى / _cالياس انطوان الياس |
| 700 | 1 | _aادوار الياس الياس | |
| 260 |
_a[S.N] : _bدار الياس العصرية للطباعه والنشر ، _c1984 |
||
| 300 | _a840 ص | ||
| 650 | 0 | 4 | _aالمعاجم |
| 650 | 0 | 4 | _aعربى\فرنسى |
| 942 |
_2ddc _cREF |
||
| 999 |
_c59726 _d59726 |
||